Производство червячных передач (Запись № 301535)

Подробности
000 -МАРКЕР
контрольное поле 01262nam0a2200325 4500
001 - ИДЕНТИФИКАТОР ЗАПИСИ
контрольное поле RU\NLR\bibl\1262113
005 - ИДЕНТИФИКАТОР ВЕРСИИ
контрольное поле 20250615131459.0
010 ## - МЕЖДУНАРОДНЫЙ СТАНДАРТНЫЙ НОМЕР КНИГИ (ISBN)
Номер (ISBN) 978-5-217-03411-6
Тираж 500
021 ## - НОМЕР ГОСУДАРСТВЕННОЙ РЕГИСТРАЦИИ
Код страны Российская Федерация
Номер 2008-48388
Номер Листа государственной регистраци 2675
035 ## - ДРУГИЕ СИСТЕМНЫЕ НОМЕРА
Идентификатор записи (NLR Aleph) 001248102
100 ## - ДАННЫЕ ОБЩЕЙ ОБРАБОТКИ
Данные общей обработки 20080814d2008 |||y0rusy50 ca
101 0# - ЯЗЫК РЕСУРСА
Язык текста, звукозаписи и т.д. русский
102 ## - СТРАНА ПУБЛИКАЦИИ ИЛИ ПРОИЗВОДСТВА
Страна публикации Российская Федерация
105 ## - ПОЛЕ КОДИРОВАННЫХ ДАННЫХ: ТЕКСТОВЫЕ МАТЕРИАЛЫ, МОНОГРАФИЧЕСКИЕ
Кодированные данные о монографическом текстовом документе a |||||||||
200 1# - ЗАГЛАВИЕ И СВЕДЕНИЯ ОБ ОТВЕТСТВЕННОСТИ
Основное заглавие Производство червячных передач
Первые сведения об ответственности А.И. Сандлер, С.А. Лагутин, А.В. Верховский
Последующие сведения об ответственности под общ. ред. С.А. Лагутина
210 ## - ПУБЛИКАЦИЯ, РАСПРОСТРАНЕНИЕ И ДР.
Место издания, распространения и т.д. Москва
Имя издателя, распространителя и т. д. Машиностроение
Дата издания, распространения и т.д. 2008
215 ## - ФИЗИЧЕСКАЯ ХАРАКТЕРИСТИКА
Специфическое обозначение материала и объем 271 с.
Другие сведения о физической характеристике ил.
Размеры 22
320 ## - ПРИМЕЧАНИЯ О НАЛИЧИИ В ДОКУМЕНТЕ БИБЛИОГРАФИИ / УКАЗАТЕЛЯ
Текст примечания Библиогр.: с. 268-271
606 1# - НАИМЕНОВАНИЕ ТЕМЫ КАК ПРЕДМЕТ
Наименование темы Червячные передачи
Тематический подзаголовок Производство
Системный номер авторитетной/нормативной записи 2532311
Идентификатор авторитетной/нормативной записи RU\NLR\auth\661499869
686 ## - ИНДЕКСЫ ДРУГИХ КЛАССИФИКАЦИЙ
Индекс К500.145.56
700 #1 - ИМЯ ЛИЦА - ПЕРВИЧНАЯ ОТВЕТСТВЕННОСТЬ
Начальный элемент ввода Сандлер
Часть имени, кроме начального элемента ввода А. И.
Расширение инициалов личного имени Александр Исерович
Код отношения Автор
701 #1 - ИМЯ ЛИЦА - АЛЬТЕРНАТИВНАЯ ОТВЕТСТВЕННОСТЬ
Начальный элемент ввода Лагутин
Часть имени, кроме начального элемента ввода С. А.
Расширение инициалов личного имени Сергей Абрамович
Код отношения Автор
701 #1 - ИМЯ ЛИЦА - АЛЬТЕРНАТИВНАЯ ОТВЕТСТВЕННОСТЬ
Начальный элемент ввода Верховский
Часть имени, кроме начального элемента ввода А. В.
Расширение инициалов личного имени Александр Владимирович
Код отношения Автор
801 #0 - ИСТОЧНИК ЗАПИСИ
Страна Российская Федерация
Организация NLR
Дата составления 20080814
Правила каталогизации RCR
801 #1 - ИСТОЧНИК ЗАПИСИ
Страна Российская Федерация
Организация NLR
Дата составления 20080814
830 ## - ОБЩЕЕ ПРИМЕЧАНИЕ, СОСТАВЛЕННОЕ КАТАЛОГИЗАТОРОМ
Текст примечания по кн
942 ## - ДОПОЛНИТЕЛЬНЫЕ ЭЛЕМЕНТЫ ЗАПИСИ (АБИС)
Тип экземпляра АБИС Книга
980 ## - КОЛЛЕКЦИЯ
Название коллекции Национальная библиография
Экземпляры
Тип экземпляра Дата поступления Источник поступления Библиотека постоянного хранения Библиотека текущего хранения Место хранения Шифр хранения Штрих-код Статус экземпляра Стоимость
Книга 14.08.2008 Обязательный экземпляр РНБ (Московский) РНБ (Московский) Русский книжный фонд: издания с 1957 года 2008-5/6912 2733916    
Книга 14.08.2008 Обязательный экземпляр РНБ (Московский) РНБ (Московский) Русский книжный фонд: издания с 1957 года 2008-5/6912 2733917    
Книга 30.10.2008 Покупка РНБ (Московский) РНБ (Московский) Фонд общего зала литературы по технике Т1 К5/С-181 1-462817   533.00
Книга 30.10.2008 Покупка РНБ (Садовая) РНБ (Садовая) Универсальный читальный зал У К5/С-181 1-359772   533.00